[Event "BCF-chT2 0304 (4NCL)"]
[Site "West Bromwich"]
[Date "2004.01.17"]
[Round "3.8"]
[White "Miller, Naomi"]
[Black "Khoo, Teresa"]
[Result "1-0"]
[WhiteElo "1680"]
[BlackElo "2044"]
[PlyCount "74"]
[EventDate "2003.11.17"]
[EventType "team"]
[EventRounds "11"]
[EventCountry "ENG"]
[SourceTitle "EXT 2005"]
[Source "ChessBase"]
[SourceDate "2004.11.15"]
[SourceVersion "1"]
[SourceVersionDate "2004.11.15"]
[SourceQuality "1"]
[WhiteTeam "PYO"]
[BlackTeam "Wessex"]
[WhiteTeamCountry "ENG"]
[BlackTeamCountry "ENG"]

1. e4 c5 2. c3 d5 3. exd5 Qxd5 4. d4 Nf6 5. Nf3 Bg4 6. dxc5 Qxc5 7. Na3 a6 8. Be3 Qc7 9. Qa4+ Bd7 10. Nb5 Qc8 11. 0-0-0 Nc6 12. Nbd4 b5 13. Qb3 e6 14. Nxc6 Bxc6 15. Ne5 Be7 16. Nxc6 Qxc6 17. Bd4 0-0 18. Rg1 b4 19. g4 bxc3 20. Bxc3 Nd5 21. Bg2 Bg5+ 22. Kc2 Rfd8 23. Bxd5 exd5 24. Kb1 Rab8 25. Qa3 d4 26. Bd2 Qe4+ 27. Ka1 Be7 28. Qg3 Qc2 29. Bc1 d3 30. Rd2 Qc4 31. h4 Rbc8 32. Rdd1 Bb4 33. Be3 d2 34. Qf4 Qc2 35. Qxb4 Rb8 36. Qc3 Qxd1+ 37. Rxd1 Rbc8 1-0

[Event "GRE-chT 32nd"]
[Site "Kallithea"]
[Date "2003.07.05"]
[Round "2"]
[White "Czaeczine, Anne"]
[Black "Khoo, Teresa"]
[Result "1-0"]
[WhiteElo "2111"]
[BlackElo "2068"]
[PlyCount "69"]
[EventDate "2003.07.04"]
[EventType "team-tourn"]
[EventRounds "9"]
[EventCountry "GRE"]
[SourceTitle "CBM 095 Extra"]
[Source "ChessBase"]
[SourceDate "2003.09.04"]
[SourceVersion "1"]
[SourceVersionDate "2003.09.04"]
[SourceQuality "1"]

1. e4 c5 2. Nf3 Nc6 3. d4 cxd4 4. Nxd4 Nf6 5. Nc3 e5 6. Ndb5 d6 7. Bg5 a6 8. Na3 b5 9. Bxf6 gxf6 10. Nd5 Bg7 11. c3 f5 12. exf5 Bxf5 13. Nc2 0-0 14. Nce3 Be6 15. Bd3 f5 16. Qh5 e4 17. Bc2 Ne7 18. Rd1 Ng6 19. f4 Rb8 20. g4 Bxd5 21. Nxd5 fxg4 22. 0-0 Qh4 23. Qxh4 Nxh4 24. Bxe4 Rfe8 25. Rde1 a5 26. a3 Rxe4 27. Rxe4 Nf3+ 28. Rxf3 gxf3 29. Kf2 Rf8 30. Kxf3 Kf7 31. Re7+ Kg6 32. Re6+ Kf7 33. Rxd6 Rb8 34. Rd7+ Kf8 35. f5 1-0

[Event "BCF-chT2 0203 (4NCL)"]
[Site "West Bromwich"]
[Date "2003.05.04"]
[Round "10.8"]
[White "McIntosh, Doreen"]
[Black "Khoo, Teresa"]
[Result "0-1"]
[WhiteElo "1344"]
[BlackElo "2076"]
[PlyCount "32"]
[EventDate "2002.11.??"]
[EventType "team"]
[EventRounds "11"]
[EventCountry "ENG"]
[SourceTitle "EXT 2004"]
[Source "ChessBase"]
[SourceDate "2003.11.25"]
[SourceVersion "1"]
[SourceVersionDate "2003.11.25"]
[SourceQuality "1"]
[WhiteTeam "The ADS II"]
[BlackTeam "Wessex"]
[WhiteTeamCountry "ENG"]
[BlackTeamCountry "ENG"]

1. d4 Nf6 2. Nf3 e6 3. g3 b6 4. Bg2 Bb7 5. 0-0 c5 6. c3 Be7 7. Nbd2 0-0 8. e3 Qc7 9. Re1 Nc6 10. Qe2 d5 11. b3 Rfe8 12. h3 Bd6 13. Nf1 a5 14. Qc2 Rac8 15. Bb2 Ne4 16. Qd2 Nxd2 0-1

[Event "BCF-ch Major op"]
[Site "Torquay"]
[Date "2002.08.07"]
[Round "9"]
[White "Khoo, Teresa"]
[Black "Van Kemenade, Rudy"]
[Result "1-0"]
[WhiteElo "2122"]
[BlackElo "2141"]
[PlyCount "63"]
[EventDate "2002.07.29"]
[EventType "swiss"]
[EventRounds "9"]
[EventCountry "ENG"]
[SourceTitle "EXT 2008"]
[Source "ChessBase"]
[SourceDate "2007.11.25"]
[SourceVersion "1"]
[SourceVersionDate "2007.11.25"]
[SourceQuality "1"]

1. e4 e5 2. Nf3 Nf6 3. Nxe5 d6 4. Nf3 Nxe4 5. d4 d5 6. Bd3 Nc6 7. 0-0 Be7 8. c4 Nb4 9. Be2 c6 10. a3 Na6 11. Nc3 f5 12. Qb3 Nc7 13. Bf4 Bd6 14. Bxd6 Qxd6 15. cxd5 Nxc3 16. bxc3 Nxd5 17. Rfe1 Kf8 18. Ne5 g6 19. Bf3 Kg7 20. c4 Nf4 21. d5 cxd5 22. cxd5 Re8 23. Qb2 Qf6 24. Rad1 Rb8 25. Qc1 Re7 26. Qxf4 g5 27. Qd4 g4 28. d6 Re6 29. Bd5 Rxd6 30. Qxa7 Be6 31. Qxb8 Bxd5 32. Rxd5 1-0

[Event "BCF-chT3 0102 (4NCL)"]
[Site "Birmingham"]
[Date "2002.05.04"]
[Round "9.4"]
[White "Khoo, Teresa"]
[Black "Smith, Graham M"]
[Result "1/2-1/2"]
[WhiteElo "1880"]
[BlackElo "1992"]
[PlyCount "54"]
[EventDate "2001.09.??"]
[EventType "team"]
[EventRounds "11"]
[EventCountry "ENG"]
[SourceTitle "EXT 2003"]
[Source "ChessBase"]
[SourceDate "2002.11.25"]
[SourceVersion "1"]
[SourceVersionDate "2002.11.25"]
[SourceQuality "1"]
[WhiteTeam "All Four Corners"]
[BlackTeam "Milton Keynes"]
[WhiteTeamCountry "ENG"]
[BlackTeamCountry "ENG"]

1. e4 d6 2. d4 Nf6 3. Nc3 g6 4. Nf3 Bg7 5. Bg5 h6 6. Be3 c6 7. Qd2 b5 8. a3 Qc7 9. h3 Nbd7 10. Be2 Bb7 11. 0-0 g5 12. Nh2 e5 13. Rad1 a6 14. dxe5 dxe5 15. Ng4 0-0-0 16. Qd6 c5 17. Nxf6 Nxf6 18. Qxc5 Qxc5 19. Bxc5 Nxe4 20. Bb6 Rxd1 21. Rxd1 Nxc3 22. Bg4+ Kb8 23. bxc3 Bc6 24. Ba5 Kb7 25. Bf5 Re8 26. f3 Bf8 27. Bb4 Bxb4 1/2-1/2

[Event "BCF-chT3 0102 (4NCL)"]
[Site "Birmingham"]
[Date "2002.01.20"]
[Round "6.4"]
[White "Tabatabai, John"]
[Black "Khoo, Teresa"]
[Result "1/2-1/2"]
[WhiteElo "2039"]
[BlackElo "1880"]
[PlyCount "64"]
[EventDate "2001.09.??"]
[EventType "team"]
[EventRounds "11"]
[EventCountry "ENG"]
[SourceTitle "EXT 2003"]
[Source "ChessBase"]
[SourceDate "2002.11.25"]
[SourceVersion "1"]
[SourceVersionDate "2002.11.25"]
[SourceQuality "1"]
[WhiteTeam "Nidum Knights"]
[BlackTeam "All Four Corners"]
[WhiteTeamCountry "ENG"]
[BlackTeamCountry "ENG"]

1. e3 Nf6 2. b3 e6 3. Bb2 b6 4. Nf3 Bb7 5. Be2 c5 6. 0-0 Be7 7. d3 0-0 8. Nbd2 d5 9. c4 Nc6 10. a3 Rc8 11. Qc2 Qc7 12. Rfe1 Rfd8 13. e4 dxe4 14. dxe4 Ng4 15. g3 e5 16. Bf1 Ra8 17. Bg2 Bc8 18. Nf1 Nd4 19. Qc3 h6 20. Ne3 Nxe3 21. fxe3 Nxf3+ 22. Bxf3 Bf6 23. Qc2 Bb7 24. Re2 Rd6 25. Rf1 Qd7 26. Ref2 Rd8 27. Bc1 Bc6 28. Qe2 Qb7 29. Bh5 Bxe4 30. Qg4 Kh7 31. Bxf7 Qxf7 32. Qxe4+ Qg6 1/2-1/2

[Event "London op"]
[Site "London"]
[Date "2001.12.15"]
[Round "4"]
[White "Khoo, Teresa"]
[Black "Wall, Gavin"]
[Result "0-1"]
[WhiteElo "2143"]
[BlackElo "2366"]
[PlyCount "76"]
[EventDate "2001.12.14"]
[EventType "swiss"]
[EventRounds "6"]
[EventCountry "ENG"]
[SourceTitle "CBM 085 Extra"]
[Source "ChessBase"]
[SourceDate "2002.01.21"]
[SourceVersion "1"]
[SourceVersionDate "2002.01.21"]
[SourceQuality "1"]

1. e4 e5 2. Nf3 d6 3. d4 exd4 4. Nxd4 Nf6 5. Nc3 Be7 6. Be2 0-0 7. 0-0 a6 8. a4 c5 9. Nb3 Nc6 10. f4 Nb4 11. Bf3 Qc7 12. Be3 Re8 13. Nc1 d5 14. Nxd5 Nfxd5 15. exd5 Bd6 16. Bd2 Bf5 17. Bxb4 cxb4 18. Nd3 Rac8 19. Rc1 Qb6+ 20. Kh1 Qd4 21. Bg4 Bxg4 22. Qxg4 b3 23. Qd7 Qxd5 24. Ne5 Red8 25. Qf5 g6 26. Qf6 Bxe5 27. fxe5 bxc2 28. Qf2 Qb3 29. e6 Qxe6 30. Rxc2 Rxc2 31. Qxc2 Rc8 32. Qf2 Qb3 33. h3 Rc2 34. Qh4 Qd5 35. Qg3 Rxb2 36. Re1 Qd4 37. Qg5 Kg7 38. Rf1 Rf2 0-1

[Event "London op"]
[Site "London"]
[Date "2001.12.15"]
[Round "3"]
[White "Warman, Simon M"]
[Black "Khoo, Teresa"]
[Result "0-1"]
[WhiteElo "2137"]
[BlackElo "2143"]
[PlyCount "56"]
[EventDate "2001.12.14"]
[EventType "swiss"]
[EventRounds "6"]
[EventCountry "ENG"]
[SourceTitle "CBM 085 Extra"]
[Source "ChessBase"]
[SourceDate "2002.01.21"]
[SourceVersion "1"]
[SourceVersionDate "2002.01.21"]
[SourceQuality "1"]

1. e4 c5 2. f4 Nc6 3. Nf3 g6 4. Bb5 Bg7 5. Bxc6 bxc6 6. d3 d6 7. 0-0 Qb6 8. Nc3 e6 9. f5 Nf6 10. e5 dxe5 11. Nxe5 exf5 12. Na4 Qc7 13. Bf4 Qd6 14. Nc4 Qd5 15. Nd6+ Kf8 16. Nc4 Kg8 17. Nc3 Qd8 18. Qf3 Nd5 19. Be5 Be6 20. Na4 Nb4 21. Rf2 Bxc4 22. Bxg7 Bd5 23. Qe3 Kxg7 24. c4 Be6 25. Nxc5 Re8 26. Qd2 a5 27. Qc3+ Qf6 28. Qb3 Qd4 0-1

[Event "Smith & Williamson YM-B 11th"]
[Site "Witley"]
[Date "2001.07.17"]
[Round "3"]
[White "Hughes, Andrew"]
[Black "Khoo, Teresa"]
[Result "1/2-1/2"]
[WhiteElo "2043"]
[BlackElo "1688"]
[PlyCount "100"]
[EventDate "2001.07.13"]
[EventType "swiss"]
[EventRounds "11"]
[EventCountry "ENG"]
[SourceTitle "EXT 2005"]
[Source "ChessBase"]
[SourceDate "2004.11.15"]
[SourceVersion "1"]
[SourceVersionDate "2004.11.15"]
[SourceQuality "1"]

1. e4 c5 2. d4 cxd4 3. c3 dxc3 4. Nxc3 Nc6 5. Bc4 d6 6. Nf3 a6 7. 0-0 e6 8. Bf4 Nf6 9. Qe2 Be7 10. Rfd1 Qc7 11. Rac1 0-0 12. a3 Rd8 13. b4 Qb8 14. b5 Na5 15. Ba2 b6 16. h3 Nd7 17. e5 d5 18. Nd4 Bxa3 19. Ra1 Bc5 20. Qh5 Nf8 21. Nf3 Qc7 22. Rac1 Bb7 23. Ng5 h6 24. Nf3 Ng6 25. Bh2 Qe7 26. Ne2 axb5 27. Bb1 Nc4 28. Bxg6 fxg6 29. Qxg6 Ra2 30. Ned4 Qe8 31. Qg4 Bc8 32. Bf4 Kh7 33. Qh4 Be7 34. Bg5 Bxg5 35. Nxg5+ Kg8 36. Ngxe6 Bxe6 37. Nxe6 Rd7 38. Nd4 Qxe5 39. Nxb5 Re2 40. Nc3 Rd2 41. Rxd2 Nxd2 42. Qb4 Nf3+ 43. Kf1 Qh2 44. Rd1 Qh1+ 45. Ke2 Qxg2 46. Rd3 Ng1+ 47. Ke3 Nxh3 48. Nd1 Qg1 49. Ke2 Ng5 50. Qd4 Qg2 1/2-1/2

[Event "BCF-chT2 9900 (4NCL)"]
[Site "Birmingham"]
[Date "2000.01.22"]
[Round "5.8"]
[White "Khoo, Teresa"]
[Black "Cast, Abigail"]
[Result "0-1"]
[WhiteElo "1456"]
[BlackElo "2133"]
[PlyCount "116"]
[EventDate "1999.10.??"]
[EventType "team"]
[EventRounds "11"]
[EventCountry "ENG"]
[SourceTitle "EXT 2001"]
[Source "ChessBase"]
[SourceDate "2000.11.22"]
[SourceVersion "1"]
[SourceVersionDate "2000.11.22"]
[SourceQuality "1"]
[WhiteTeam "BCCA"]
[BlackTeam "SW Dragons"]
[WhiteTeamCountry "ENG"]
[BlackTeamCountry "ENG"]

1. e4 e6 2. d4 d5 3. Nc3 Nf6 4. e5 Nfd7 5. Nce2 c5 6. c3 Nc6 7. Nf3 Qb6 8. g3 cxd4 9. cxd4 f6 10. exf6 Nxf6 11. a3 Bd6 12. Bg2 0-0 13. 0-0 Na5 14. b4 Nc4 15. Bf4 Bd7 16. Re1 Ne4 17. Qd3 Bb5 18. Qb3 Bxf4 19. Nxf4 g5 20. Nd3 g4 21. Nfe5 Qxd4 22. Nxg4 Ncd2 23. Qb2 Qxb2 24. Nxb2 h5 25. Ne5 Nb3 26. Rab1 Nc3 27. Bh3 Rf6 28. a4 Be8 29. Nbd3 Nxb1 30. Rxb1 Nd4 31. Nf4 Rc8 32. Rd1 Nf5 33. Nxe6 Bxa4 34. Rd2 Rc1+ 35. Kg2 Bb5 36. Nf4 Bf1+ 37. Kf3 Rc3+ 38. Ned3 Bxh3 39. Nxh3 Nd4+ 40. Kg2 Nf3 41. Rd1 Rxd3 42. Rc1 Ne5 43. Rc8+ Rf8 44. Rc7 Rf7 45. Rc8+ Kg7 46. Nf4 Rd2 47. Nxh5+ Kh7 48. Nf4 Ng4 49. Kf3 Nxh2+ 50. Ke3 Nf1+ 51. Kf3 d4 52. Re8 Nh2+ 53. Kg2 Ng4 54. Re6 Nxf2 55. Kf3 Nh3 56. Re5 Nxf4 57. gxf4 Rd1 58. Rh5+ Kg8 0-1

[Event "BCF-chT2 9900 (4NCL)"]
[Site "Birmingham"]
[Date "1999.11.20"]
[Round "3.8"]
[White "Khoo, Teresa"]
[Black "Bennet, William"]
[Result "1-0"]
[WhiteElo "1296"]
[BlackElo "1696"]
[PlyCount "87"]
[EventDate "1999.10.??"]
[EventType "team"]
[EventRounds "11"]
[EventCountry "ENG"]
[SourceTitle "EXT 2001"]
[Source "ChessBase"]
[SourceDate "2000.11.22"]
[SourceVersion "1"]
[SourceVersionDate "2000.11.22"]
[SourceQuality "1"]
[WhiteTeam "BCCA"]
[BlackTeam "Perceptron Youth"]
[WhiteTeamCountry "ENG"]
[BlackTeamCountry "ENG"]

1. e4 c5 2. Nf3 Nc6 3. d4 cxd4 4. Nxd4 g6 5. Nc3 Bg7 6. Be3 Nf6 7. Be2 0-0 8. 0-0 d6 9. Kh1 Bd7 10. f4 Rc8 11. Nb3 a6 12. a3 b5 13. Bf3 Na5 14. Nxa5 Qxa5 15. e5 Ne8 16. Nd5 Rb8 17. Ba7 Qd8 18. Bxb8 Qxb8 19. Nxe7+ Kh8 20. c3 Be6 21. Nc6 Qc7 22. exd6 Nxd6 23. Nd4 Bc4 24. Re1 Nb7 25. b3 Be6 26. Nxe6 fxe6 27. Rxe6 Nc5 28. Rc6 Qe7 29. b4 Na4 30. Qe1 Qf7 31. Rd1 Qxf4 32. Qd2 Qh4 33. Qe1 Qf4 34. Qd2 Qf7 35. Re1 h6 36. Qe3 g5 37. Re6 Bf6 38. Re8 Kg7 39. Rxf8 Kxf8 40. Rc1 g4 41. Qxh6+ Kg8 42. Bxg4 Qe7 43. Qg6+ Kh8 44. Rf1 1-0